LEADER 00975nam a2200253 i 4500 001 000000175748 003 CaOOAMICUS 005 20081117000000.0 008 081117s1972 it u000 u ita u 013 $a153231 040 $aSeMil$bita 100 1 $aLégaut, Marcel.$0(OLS)http://semarc/name/38774 245 12$aL'uomo alla ricerca della sua umanitŕ /$cMarcel Légaut. 260 $aAssisi :$bCittadella,$cstampa 1972. 300 $a265 p. ;$c20 cm. 490 0 $aOrizzonti nuovi 500 $aDono di don Romano Martinelli. 650 4$aVita spirituale.$0(OLS)http://semarc/subject/381 830 0$aOrizzonti nuovi.$0(OLS)http://semarc/title/6284 850 $aSeMil 852 $aSeMil$W1$xVenegono$y1$m3F IV 175$j126570$B126570$CSeMilBibl$Z2$F138016 $81 961 $aOmaggio: Martinelli don Romano 996 $6245$aL'uomo alla ricerca della sua umanitŕ$9(OLS)http://semarc/title/252087 996 $6260$aAssisi :$bCittadella$9(OLS)http://semarc/publisher/29661 LEADER 00412nab a2200145 i 4500 001 000000277293 003 CaOOAMICUS 005 20190415110901.0 008 120605n xx uu u0 0und r 013 $a27648 040 $aSeMil$bita 245 10$aGennaio-Aprile. 773 0 $tAnno 2012.$dRoma : Soc. Ed. Dante Alighieri, 2012.$w()213854 996 $6245$aGennaio-Aprile$9(OLS)http://semarc/title/421149